01027 2200169 4500245005600000020002200056250001000078100001900088650001700107005001900124260002800143041001400171084001100185300002100196500063100217336000900848 aInnocent b : Mr B VS Miss AcRiiku HanazawahText a978-602-251-860-0 aCet.1 aRiiku Hanazawa aNovel Remaja a20240131075504 aJakartabGrasindoc2015 aIndonesia a808.83 a218 hlm :c19 cm aSemula dunianya adalah tentang kopi. Hidupnya disiplin. Ia tidak mudah akrab dengan orang lain, bahkan membenci orang-orang yang berkesan sok kenal dengannya. Namun, semua berubah sejak kejadian yang menimpanya di Caffèst. Jadwalnya mulai tidak beraturan, kegiatannya jadi tidak jelas, dan yang paling mengubahnya adalah saat ia bertemu dengan Kim Tae Jun-tipikal orang yang paling tidak disukainya, yang entah mengapa bisa menjadi begitu dekat dengannya dalam waktu singkat. Kim Tae Jun adalah orang yang menyeretnya ke dalam dunia fotografi. Bukan hanya itu, kenangan yang tertutup selama ini terbuka jelas karena pria itu. atext